00403 2200157 4500245004900000020002200049250001000071100002000081700001700101005001900118260005700137041001400194084001000208300001800218336000900236 aFestival BatanggansalcYulita FitrianihText a978-602-6477-48-4 aCet.1 aYulita Fitriani aarya perkasa a20240926102230 aJakartabKementerian Pendidikan dan Kebudayaanc2019 aIndonesia a741.5 a49 hlm :cpdf atext